Visualizzazione normale
Vista MARC
- N. Castello
di Personal Name
Records bibliografici associati: 1
001 - CONTROL NUMBER
- control field: 35967
003 - CONTROL NUMBER IDENTIFIER
- control field: IT-RoPau
005 - DATE AND TIME OF LATEST TRANSACTION
- control field: 20150919223949.0
008 - FIXED-LENGTH DATA ELEMENTS
- fixed length control field: 150919|| aca||aabn | a|a d
040 ## - CATALOGING SOURCE
- Original cataloging agency: IT-RoPau
- Transcribing agency: IT-RoPau
100 ## - HEADING--PERSONAL NAME
- Personal name: N. Castello
670 ## - SOURCE DATA FOUND
- Source citation: Work cat.: (IT-RoPau)31487: Stefano M. Manelli 35965, Padre Pio nella sua interiorità. Figlio di Maria, francescano, stigmatizzato, sacerdote, apostolo, guida spirituale